| 000 | 00457nam a2200145u 4500 | ||
|---|---|---|---|
| 082 |
_a669.3 _bEQU _cL-17, P-23 |
||
| 110 | 2 |
_aCopper Development Association. [from old catalog] _944956 |
|
| 245 | 1 | 0 | _aEquilibrium diagrams of binary copper alloys. |
| 260 |
_aLondon _c[1955] |
||
| 300 |
_a54 p. _billus. _c22 cm. |
||
| 526 |
_a0 _b0 _c0 _d669_300000000000000_EQU |
||
| 650 | 0 |
_aCopper alloys. [from old catalog] _941081 |
|
| 650 | 0 |
_aMCE _9379 |
|
| 942 |
_2ddc _cBK |
||
| 999 |
_c548598 _d548598 |
||